| 000 | 01233cam a2200277 a 4500 | ||
|---|---|---|---|
| 999 |
_c22515 _d22515 |
||
| 001 | 16017091 | ||
| 003 | OSt | ||
| 005 | 20170124113127.0 | ||
| 008 | 091211s2010 nyua b6 001 0beng | ||
| 010 | _a 2009052197 | ||
| 020 | _a9780810977648 | ||
| 040 |
_aDLC _cDLC _dDLC |
||
| 043 | _an-us--- | ||
| 050 | 0 | 0 |
_aNC1429.R635 _bC68 2010 |
| 082 | 0 | 0 |
_a741.5/973 _222 |
| 100 | 1 | _aCouch, N. C. Christopher. | |
| 245 | 1 | 0 |
_aJerry Robinson : _bambassador of comics / _cN.C. Christopher Couch ; introduction by Pete Hamill ; foreword by Dennis O'Neil. |
| 260 |
_aNew York : _bAbrams ComicArts, _cc2010. |
||
| 300 |
_a223 p. : _bill. (some col.) ; _c29 cm. |
||
| 504 | _aIncludes bibliographical references (p. [221]) and index. | ||
| 600 | 1 | 0 |
_aRobinson, Jerry, _d1922-2011 _xCriticism and interpretation. |
| 650 | 0 |
_aComic books, strips, etc. _zUnited States _xHistory and criticism. |
|
| 650 | 0 |
_aArtists _zUnited States _vBiography. |
|
| 906 |
_a7 _bcbc _corignew _d1 _eecip _f20 _gy-gencatlg |
||
| 942 |
_2lcc _cBOOKS _hNC 1429 .R635C68 2010 |
||